000 00812nam a2200205 u 4500
001 000019909
005 20200929170203.0
008 100709s2003 dr a r 001 0 spa d
040 _aDO-SdBNP
_bspa
_cBNPHU
082 _axxxx
_bC766n
111 1 _aConversatorio Nacional de Turismo por un turismo sostenible y competitivo
_n4 :
_cSanto Domingo
_d2003
_942465
245 1 0 _aPlan nacional de desarrollo turístico de la República Dominicana 2003-2013.
260 _aSanto Domingo:.
300 _av. :
_bil. ;
_c28 cm.
500 _aLa biblioteca posee v. 1-3 en el mismo texto
504 _aIncluye bibliografía (p. 318-320)
710 2 _aSecretaría de Estado de Turismo (República Dominicana)
_942466
740 0 _aPlan Nacional de desarrollo turistico (2003 -2013) Catálogo de proyectos
049 _aBNPD
999 _c19422
_d19422